Statystyki dla Najbardziej wartościowi piłkarze La Liga 2022

Kliknij tutaj aby rozwiązać quiz!

Ogólne statystyki

  • Ten quiz został rozwiązany 395 razy
    (323 od ostatniego zresetowania)
  • Średni wynik to 13 z 40

Statystyki odpowiedzi

CenaPiłkarz% Poprawnych
100 mlnVinicius Jr
93%
80 mlnPedri
87%
60 mlnGavi
85%
60 mlnRodrygo
68%
60 mlnEder Militao
59%
60 mlnThibaut Courtois
55%
70 mlnFederico Valverde
54%
55 mlnDavid Alaba
52%
60 mlnAnsu Fati
51%
55 mlnEduardo Camavinga
51%
60 mlnFrenkie De Jong
51%
50 mlnRonald Araujo
49%
40 mlnFerland Mendy
47%
35 mlnAntoine Griezmann
44%
70 mlnJoao Felix
44%
45 mlnFerran Torres
41%
45 mlnJan Oblak
40%
60 mlnJules Kounde
40%
50 mlnPau Torres
37%
40 mlnCasemiro
33%
35 mlnMemphis Depay
26%
40 mlnMarco Asensio
22%
45 mlnMarcos Llorente
22%
40 mlnGerard Moreno
19%
50 mlnJose Maria Gimenez
18%
60 mlnMikel Oyarzabal
18%
40 mlnRodrigo De Paul
18%
40 mlnNabil Fekir
17%
40 mlnYannick Carrasco
14%
50 mlnMikel Merino
11%
40 mlnDiego Carlos
10%
40 mlnThomas Lemar
10%
45 mlnAngel Correa
9%
30 mlnRenan Lodi
8%
50 mlnArnaut Danjuma
7%
40 mlnJose Gaya
7%
50 mlnCarlos Soler
6%
40 mlnYeremy Pino
6%
40 mlnGoncalo Guedes
5%
30 mlnMartin Zubimendi
2%

Rozkład punktacji

Percentyl według liczby udzielonych odpowiedzi

Procent ludzi z każdym wynikiem

Twoja historia wyników

Nie rozwiązałeś tego quizu od ostatniego zresetowania